40 Days of Purpose: (Record no. 11195)

MARC details
000 -LEADER
fixed length control field 00620nam a2200241 a 4500
001 - CONTROL NUMBER
control field 0001-1195
003 - CONTROL NUMBER IDENTIFIER
control field ELIB.Books
008 - FIXED-LENGTH DATA ELEMENTS--GENERAL INFORMATION
fixed length control field 150514 2010 eng
020 ## - INTERNATIONAL STANDARD BOOK NUMBER
International Standard Book Number KBTS
035 ## - SYSTEM CONTROL NUMBER
System control number (ELIB.Books)0001-1350
092 ## - LOCALLY ASSIGNED DEWEY CALL NUMBER (OCLC)
Classification number 248.4
Item number PDM
100 ## - MAIN ENTRY--PERSONAL NAME
Personal name PDM
245 ## - TITLE STATEMENT
Title 40 Days of Purpose:
Remainder of title Small Group Curriculum Leader's Guide
260 ## - PUBLICATION, DISTRIBUTION, ETC. (IMPRINT)
Place of publication, distribution, etc. Lake Parkway
Name of publisher, distributor, etc. Purpose Driven Ministries
Date of publication, distribution, etc. 2003
300 ## - PHYSICAL DESCRIPTION
Extent 70
Dimensions 21.5 Cm
500 ## - GENERAL NOTE
General note Library
650 ## - SUBJECT ADDED ENTRY--TOPICAL TERM
Topical term or geographic name as entry element Evangelism
856 ## - ELECTRONIC LOCATION AND ACCESS
Name of location of host KBTS: Library
Uniform Resource Identifier <a href="KBTS: Elib">KBTS: Elib</a>
942 ## - ADDED ENTRY ELEMENTS (KOHA)
Source of classification or shelving scheme Dewey Decimal Classification
Koha item type Books
990 ## - EQUIVALENCES OR CROSS-REFERENCES [LOCAL, CANADA]
Link information for 9XX fields 1
998 ## - LOCAL CONTROL INFORMATION (RLIN)
Cataloger's initials, CIN (RLIN) bat
-- 2015-05-14
Holdings
Withdrawn status Lost status Source of classification or shelving scheme Damaged status Not for loan Home library Current library Date acquired Total Checkouts Barcode Date last seen Bill Date Koha item type
    Dewey Decimal Classification     Karen Baptist Theological Seminary Library Karen Baptist Theological Seminary Library 14/05/2015   12440 22/01/2022 22/01/2022 Books
Implemented & Customized by: BestBookBuddies

Powered by Koha